Cristal·lografia d'un port : exposició d'escultures d'Alfredo Lanz 15/02/08 - 28/05/08 exposició d'escultures d'Alfredo Lanz 15/02/08 - 28/05/08
Descripción Física:
[24] p. : fot. col. ; 20 cm
Colección:
Quadern d'una exposició
Otros Autores:
Museu Marítim (Barcelona)
MARC
| LEADER | 00000nam a2200000Ia 4500 | ||
|---|---|---|---|
| 001 | 20888 | ||
| 008 | 160829s2008 xx 000 0 cat d | ||
| 080 | |a FU-22-38 | ||
| 100 | |a Lanz, Alfredo |9 41230 | ||
| 245 | |a Cristal·lografia d'un port : |b exposició d'escultures d'Alfredo Lanz 15/02/08 - 28/05/08 | ||
| 260 | |a Barcelona : |b Museu Marítim de Barcelona, |c 2008 | ||
| 300 | |a [24] p. : |b fot. col. ; |c 20 cm | ||
| 490 | |a Quadern d'una exposició | ||
| 590 | |a Text en català i castellà | ||
| 650 | |a Cristal·lografia |x Exposicions |9 41231 | ||
| 650 | |a Escultura |x Exposicions |9 48324 | ||
| 650 | |a Ports |x Exposicions |9 41233 | ||
| 700 | |a Museu Marítim (Barcelona) | ||
| 901 | |a Arxiu | ||
| 942 | |n 1 | ||
| 952 | |0 0 |1 0 |4 0 |6 FU2238 |7 1 |9 50105 |a Arxiu |b Arxiu |d 2016-12-01 |l 0 |o FU-22-38 |p 20888 |r 2016-12-01 00:00:00 |w 2016-12-01 |y ARXIU | ||
| 999 | |c 53947 |d 53947 | ||